Európska únia zbrzdí liberalizáciu svetového obchodu

Európska únia (EÚ) nedokáže zreformovať poľnohospodársku politiku v súlade s kalendárom WTO. Na bruselskom summite dosiahla EÚ dohodu o zachovaní spoločnej poľnohospodárskej politiky únie (CAP) v súčasnej podobe do r. 2006, čo nekorešponduje s harmonogramom WTO o liberalizácii svetového obchodu, kto...

Descrizione completa

Salvato in:
Dettagli Bibliografici
Natura: Capitolo di libro
Lingua:slovacco
Soggetti:
Tags: Aggiungi Tag
Nessun Tag, puoi essere il primo ad aggiungerne!!

MARC

LEADER 00000naa a2200000 4500
001 r046882
005 20230921113637.7
041 0 |a slo 
044 |a SK 
245 1 0 |a Európska únia zbrzdí liberalizáciu svetového obchodu 
520 |a Európska únia (EÚ) nedokáže zreformovať poľnohospodársku politiku v súlade s kalendárom WTO. Na bruselskom summite dosiahla EÚ dohodu o zachovaní spoločnej poľnohospodárskej politiky únie (CAP) v súčasnej podobe do r. 2006, čo nekorešponduje s harmonogramom WTO o liberalizácii svetového obchodu, ktorá mala byť dokončená do r. 2004. Problém podpôr a subvencií poľnohospodárom. 
610 2 0 |a obchod svetový 
610 2 0 |a liberalizácia 
610 2 0 |a Európska únia 
610 2 0 |a politika poľnohospodárska 
610 2 0 |a subvencie 
610 2 0 |a podpory 
610 2 0 |a Svetová obchodná organizácia